Normal view
MARC view
- Finne, Sami
Entry Personal Name
001 - CONTROL NUMBER
- control field: 99764
003 - CONTROL NUMBER IDENTIFIER
- control field: NUST
005 - DATE AND TIME OF LATEST TRANSACTION
- control field: 20221011100432.0
008 - FIXED-LENGTH DATA ELEMENTS
- fixed length control field: 221011|| aca||aabn | a|a d
040 ## - CATALOGING SOURCE
- Original cataloging agency: NUST
- Transcribing agency: NUST
100 ## - HEADING--PERSONAL NAME
- Personal name: Finne, Sami
670 ## - SOURCE DATA FOUND
- Source citation: Work cat.: (NUST)0: Finne, Sami., The retail value chain :, 2009.
